| Tag |
First Indicator |
Second Indicator |
Subfields |
| LEADER |
00000cam a2200000 a 4500 |
| 001 |
in00001122621 |
| 005 |
20150930081033.0 |
| 008 |
911015s1992 nyuab b 001 0 eng |
| 010 |
|
|
|a 91033479
|
| 020 |
|
|
|a 0313276153 (alk. paper)
|
| 035 |
|
|
|a (OCoLC)24703143
|
| 035 |
|
|
|9 AFW9735AM
|
| 040 |
|
|
|a DLC
|c DLC
|d TXA
|d UtOrBLW
|
| 043 |
|
|
|a n-us---
|a mm-----
|
| 049 |
|
|
|a TXAM
|
| 050 |
0 |
0 |
|a VA63.M42
|b S54 1992
|
| 082 |
0 |
0 |
|a 359/.03/09182209044
|2 20
|
| 100 |
1 |
|
|a Sheehy, Edward John.
|
| 245 |
1 |
4 |
|a The U.S. Navy, the Mediterranean, and the cold war, 1945-1947 /
|c Edward J. Sheehy.
|
| 264 |
|
1 |
|a Westport, Conn. :
|b Greenwood Press,
|c 1992.
|
| 300 |
|
|
|a 191 pages :
|b illustrations, map ;
|c 25 cm.
|
| 336 |
|
|
|a text
|b txt
|2 rdacontent
|
| 337 |
|
|
|a unmediated
|b n
|2 rdamedia
|
| 338 |
|
|
|a volume
|b nc
|2 rdacarrier
|
| 490 |
1 |
|
|a Contributions in military studies,
|x 0883-6884 ;
|v no. 126
|
| 504 |
|
|
|a Includes bibliographical references (pages [165-178) and index.
|
| 610 |
1 |
0 |
|a United States.
|b Navy.
|b Fleet, 6th
|x History.
|
| 650 |
|
0 |
|a Sea-power
|z Mediterranean Region
|x History
|y 20th century.
|
| 650 |
|
0 |
|a Sea-power
|z United States
|x History
|y 20th century.
|
| 651 |
|
0 |
|a Mediterranean Region
|x History, Naval.
|
| 830 |
|
0 |
|a Contributions in military studies.
|x 0883-6884 ;
|v no. 126.
|
| 999 |
|
|
|a MARS
|
| 999 |
f |
f |
|s 0688680f-5ad9-3758-9222-01fc24733b76
|i 4156fbfe-0a18-3306-bfb2-5dcfb5dcc1b0
|t 0
|
| 952 |
f |
f |
|p ric
|a Texas A&M University
|b Rellis Campus
|c Joint Library Facility
|s JLF
|d Remote Storage
|t 0
|e VA63.M42 S54 1992
|h Library of Congress classification
|i unmediated -- volume
|m A14817393039
|
| 998 |
f |
f |
|a VA63.M42 S54 1992
|t 0
|l Remote Storage
|